000
00317nam a2200133Ia 4500
008
220216s9999 xx 000 0 und d
100
_a
Tiyo
245
0
_a
NR market ignores cut in export incentive
260
_b
Rubber Asia
_c
2005
300
_a
81-84
650
_a
NR market
650
_a
Rubber price
942
_c
JS
999
_c
64157
_d
64157